Geography Quiz

Random Geography or Asia Quiz

Top 25 Cities of Pakistan on a Map Quiz Stats

 Plays Quiz Updated Mar 16, 2020

Support Sporcle.
Go Orange.
Score 0/25 Timer 08:00
6 Plays Today
% Correct
Islamabad
96.1%
Karachi
91.6%
Lahore
87.5%
Quetta
69.9%
Hyderabad
69.7%
Faisalabad
66%
Peshawar
64.9%
Multan
63.9%
Rawalpindi
59.2%
Sukkur
48.9%
Gujrat
44.8%
Sialkot
44%
Gujranwala
43.8%
% Correct
Larkana
39.9%
Jhang
38.7%
Mardan
36.4%
Sargodha
35.7%
Bahawalpur
34.5%
Okara
29.1%
Kasur
28.6%
Sahiwal
23.9%
Rahim Yar Khan
21.9%
Sheikhupura
20.5%
Dera Ghazi Khan
19.8%
Wah Cantonment
16.2%

From the Vault

Which Quoted Movie Character? II

by strokes_static

Movies 4m
Watch enough films and you could go for years just speaking in movie quotes.
Remove Ads.
Support Sporcle.
Get the best of Sporcle when you Go Orange. This ad-free experience offers more features, more stats, and more fun while also helping to support Sporcle. Thank you for becoming a member.

Show Comments

Extras

Top Quizzes Today


Score Distribution

Your Account Isn't Verified!

In order to create a playlist on Sporcle, you need to verify the email address you used during registration. Go to your Sporcle Settings to finish the process.

Report this User

Report this user for behavior that violates our Community Guidelines.

Details: